1780 1276 1525 1244 1850 1841 1310 1627 1967 1313 1343 1555 1638 1836 1072 1240 1265 1833 1556 1941 1642 1337 1302 1509 1789 1640 1602 1250 1803 1203 1156 1728 1961 1212 1639 1922 1934 1232 1223 1505 1563 1143 1338 1404 1479 1016 1051 1058 1304 1528 1423 1223 1708 1591 1195 1943 1240 1923 1479 1720 1935 1594 1480 1998 1923 1728 1976 1702 1406 1614 1389 1359 1642 1208 1609 1079 1665 1529 1326 1931 1052 1594 1609 1711 1589 1615 1882 1607 1257 1645 1744 1409 1397 1554 1465 1972 1142 1546 1862 BCNSPRNW ULIB Ver.6.0+V

เปลี่ยนเป็นภาษาไทย

Change to English
 แสดงรายละเอียดบรรณานุกรม
  กลับหน้าหลัก

Brief Record : Get Marc (ISO 2709) : E-mail record : QR code < ปิดหน้าต่าง
LEADER : 00000nam 2200000uu 4500
001    13399111273
003     ULIB
008    110621s2004||||th 000 0 eng d
024    9780443069437
060 04 WQ300^bN842 2004
245 00 Normal childbirth :^bevidence and debate /^cedited by SooDowne ; foreword by Robbie E. Davis-Floyd.
250     2nd ed
260    Edinburgh :^bElsevier Churchill Livingstone,^c2004
300    xiii, 200 p. : ^bill. ;^c26 cm
504    Includes bibliographical references and index
650  2 Midwifery Parturition
650  2 Parturition
650  2 Natural Childbirth
700 1  Downe, Soo.,^eed.
945    ^p0^l0^i027397
995     Kesorn
999 ^a ใช้งานได้ทุกระบบ
รายการนี้ยังไม่มีแท็ก
คุณยังไม่ได้ล็อกอิน คุณสามารถมีกิจกรรมร่วมกับเว็บไซต์ได้ แต่ต้องล็อกอินก่อน ::
  ล็อกอิน

รายการสื่อสารสนเทศ

ลำดับที่ ประเภท เลขเรียก/บาร์โค้ด สถานที่ สถานะ
- ไม่พบข้อมูล -

รายการใกล้เคียง
    หัวเรื่อง [Parturition]

BibComment


ยังไม่เคยถูกคอมเมนท์

คอมเมนท์ทรัพยากรรายการนี้
  คอมเมนท์: Normal childbirth..


 Copyright 2026. Bcnsprnw @Library